00838 2200301 4500001002100000005001500021035002500036008004100061020002200102040001700124082001800141090002400159100001400183245004700197250002900244260005300273300004500326500001100371650002000382850001200402084002000414041000800434990001800442990001800460990001800478990002000496990002000516INLIS00000000000452820190812105521 a0010-041500000001594150424s2014 jkia g | ind d a978-979-461-870-7 aYOPDYOGbind 223a959.59811 aNUS 959.59811 AMI m1 aAMIN, S.M0 aMemahami sejarah konflik Aceh /cS.M. Amin aEdisi pertama;April 20143 aJakarta :bYayasan Pustaka Obor Indonesia,c2014 axxvi, 186 halaman :bilustrasi ;c21 cm. 3Indeks aSejarah -- Aceh aYOPDYOG a959.59811 AMI m0 aind a11853-PD/B.15 a11854-PD/B.15 a11855-PD/B.15 a40531-PD/B.2019 a40532-PD/B.2019